000 01216nam a2200241Ia 4500
999 _c38440
_d38440
001 4451
003 GE_BSU
005 20190510191932.0
008 181216s2003||||ge |||||||||||||| ||geo||
020 _a9994073524
040 _cGE_BSU
041 _ageo
080 _a316.334.2 მ–55
100 _aმეზვრიშვილი, ლია
_91015
245 _aეკონომიკური სოციოლოგია : ეკონომიკა და საზოგადოება /
_cლია მეზვრიშვილი ; სერიის მთ. რედ : მარინე ჩიტაშვილი
264 _aთბილისი .:
_bმეცნიერება,
_c 2003.
300 _a309გვ . ;
_c20სმ.
440 _aსოციალურ მეცნიერებათა სერია
_9955
653 _aეკონომიკური სოციოლოგია
700 _aჩიტაშვილი , მარინე
_eსერიის მთავარი რედაქრორი
_9977
710 _bფონდი ღია საზოგადოება - საქართველო
_91011
942 _cBK
_2udc